पालखी (Record no. 404001)

MARC details
000 -LEADER
fixed length control field 00381nam a2200145Ia 4500
008 - FIXED-LENGTH DATA ELEMENTS--GENERAL INFORMATION
fixed length control field 100122s9999 xx 000 0 und d
082 ## - DEWEY DECIMAL CLASSIFICATION NUMBER
Item number 13119
Classification number 915.479
100 ## - MAIN ENTRY--PERSONAL NAME
Personal name मोकाशी दि बा
245 ## - TITLE STATEMENT
Title पालखी
260 ## - PUBLICATION, DISTRIBUTION, ETC. (IMPRINT)
Name of publisher, distributor, etc मौज प्रकाशन
Date of publication, distribution, etc 1965
300 ## - PHYSICAL DESCRIPTION
Extent 160
630 ## - SUBJECT ADDED ENTRY--UNIFORM TITLE
Uniform title पालखी
730 ## - ADDED ENTRY--UNIFORM TITLE
Uniform title पालखी
942 ## - ADDED ENTRY ELEMENTS (KOHA)
Koha item type Book

No items available.